000 01015nam a2200277 a 4500
005 20211105120818.0
008 161007s2004 xxuabd fr 001 0 eng d
020 _a1593850557
020 _a9781593850555 (3a.Ed.)
040 _aCO-BoUCM
_bspa
_cSaul Niño (Modificó)
_dEdgar Pinilla
041 0 _aeng
245 0 4 _aThe geography of urban transportation
_cEditado por Susan Hanson, Genevieve Giuliano
250 _aTercera edición
260 _aNew York (Estados Unidos)
_bThe Guilford Press
_c2004
300 _axii, 413 páginas
_bilustraciones, gráficas, mapas
504 _aIncluye referencias bibliográficas e índices
546 _aTexto en inglés
650 0 4 _aTransporte urbano
_925707
650 0 4 _aFlujo de tráfico
_980962
650 0 4 _aGeografía urbana
_916360
690 0 _aGeografía
_916335
700 1 _aHanson, Susan
_d1943-
_eeditor
_980960
700 1 _aGiuliano, Genevieve
_eeditor
_980961
942 _2DEWEY
_cLIBRO
_a20
_e1
_h388.4
_mG345
999 _c304412
_d304412